Towards a low carbon built environment (Record no. 109299)

MARC details
000 -LEADER
fixed length control field 01606cad a22002415a 4500
001 - CONTROL NUMBER
control field L146803
008 - FIXED-LENGTH DATA ELEMENTS--GENERAL INFORMATION
fixed length control field 090302s2009 xxkado f f 000 0 eng d
020 ## - INTERNATIONAL STANDARD BOOK NUMBER
International Standard Book Number 9781842194140
035 ## - SYSTEM CONTROL NUMBER
System control number (Sirsi) u146803
041 0# - LANGUAGE CODE
Language code of text/sound track or separate title eng
050 04 - LIBRARY OF CONGRESS CALL NUMBER
Classification number 333.7 $2 18
100 1# - MAIN ENTRY--PERSONAL NAME
Personal name Grant, Zac
245 00 - TITLE STATEMENT
Title Towards a low carbon built environment
Remainder of title a road map for action
Medium [electronic resource]
260 ## - PUBLICATION, DISTRIBUTION, ETC.
Place of publication, distribution, etc. London
Name of publisher, distributor, etc. RICS
Date of publication, distribution, etc. 2009
490 #0 - SERIES STATEMENT
Series statement RICS Research
Volume/sequential designation February 2009
505 2# - FORMATTED CONTENTS NOTE
Formatted contents note Executive summary -- Setting the scene -- Where we are now -- Government -- Business - People -- Low carbon techniques and technologies -- Towards a low carbon built environment -- Shape of a plan for the UK -- Definitions
520 ## - SUMMARY, ETC.
Summary, etc. Reports on the current state of knowledge and practice in the matter of low carbon built environment and presents a framework of actions to working towards this goal. Examines how to reduce carbon emissions from the built environment and how to include this goal into a wider national programme. Suggests that improved energy efficiency is insufficient in achieving a low carbon built environment. Presents solutions as part of international goals and agreements, before being national and local decisions.
651 #4 - SUBJECT ADDED ENTRY--GEOGRAPHIC NAME
Geographic name International
690 ## - LOCAL SUBJECT ADDED ENTRY--TOPICAL TERM (OCLC, RLIN)
Topical term or geographic name as entry element ENVIRONMENTAL AND LAND CONSULTANCY-ENERGY-ENERGY USE-ENERGY EFFICIENCY
690 ## - LOCAL SUBJECT ADDED ENTRY--TOPICAL TERM (OCLC, RLIN)
Topical term or geographic name as entry element BUILT ENVIRONMENT-SUSTAINABLE CONSTRUCTION
856 48 - ELECTRONIC LOCATION AND ACCESS
Uniform Resource Identifier <a href="https://www.rics.org/en/jaduimportroot/jadudownloads/Construction_/Towards-a-low-carbon-built-environment-a-road-map-for-action_4192/">https://www.rics.org/en/jaduimportroot/jadudownloads/Construction_/Towards-a-low-carbon-built-environment-a-road-map-for-action_4192/</a>
Public note View the report free of charge at www.rics.org...
942 ## - ADDED ENTRY ELEMENTS (KOHA)
Suppress in OPAC 0
Holdings
Withdrawn status Lost status Source of classification or shelving scheme Damaged status Not for loan Home library Current library Shelving location Date acquired Total Checkouts Full call number Barcode Date last seen Copy number Price effective from Koha item type
    Dewey Decimal Classification     Virtual Virtual Online 02/03/2009   ONLINE PUBLICATION 146803-2001 06/08/2019 1 06/08/2019 Book